000 00824nam0a22002651 4500
001 RU\INFOCOMM_322\NLR\5000161448
005 20250613110252.0
035 _a(NLR Aleph) 009554789
090 _a9030710
_c9030710
100 _a20130208d1939 |||y0rusy50 ca
101 0 _aeng
102 _aRU
105 _ay z |||||
200 1 _aˆThe ‰state farms of the USSR
_fBy P. Lobanov ...
210 _aMoscow
_cForeign languages publishing house
_d1939
215 _a32 с.
_cил.
_d14 см
606 0 _aСовхозы
_yСССР
_91261217
_3RU\NLR\AUTH\66200319
620 _aМосква
700 1 _9z01790
_aLobanov
_bP. P.
_f1902-
_gPavel Pavlovič
790 1 _9z01700
_aLobanov
_bP.
_4070
801 1 _aRU
_bInfocomm
_c20130208
801 0 _aRU
_bINFOCOMM
_gPSBO
852 _aNLR
_jD8/1594
_y2 экз.
942 _cBOOK
980 _aNB